| 000 | 01275nam a22002417i 4500 | ||
|---|---|---|---|
| 999 |
_c22923 _d22923 |
||
| 003 | AR-CdUCM | ||
| 008 | 240529b20232023 pe||||| |||| 00| 0 spa d | ||
| 020 | _a978-612-49275-0-8 | ||
| 040 |
_aMUNICIPALIDAD PROVINCIAL DEL CUSCO _cBIBLIOTECA MUNICIPAL DEL CUSCO |
||
| 082 |
_a342.2 / P29 _bP29 |
||
| 100 |
_aPaulett Silva, Kori. _950005 |
||
| 245 |
_aEstado Laico : _b la relación Estado-iglesia en el Perú y el mundo : estudio histórico y constitucional / |
||
| 260 |
_aLima : _bAviv House Editorial, _c2023 |
||
| 300 |
_a260 páginas. : _c21 cm. |
||
| 500 | _zBibliografía: páginas 225 - 260 | ||
| 505 | _aLaicidad -- Razones para contar con un Estado laico -- Secularización -- Relación Estado-Iglesia católica en la historia Universal -- Relación Estado-Iglesia católica en la historia Colonial y Republicana del Perú -- Período de estado aconfesional -- Medidas necesarias para la consolidación del estado laico peruano -- Eliminación del vicariato castrense | ||
| 650 |
_aLaicidad _950006 |
||
| 650 |
_aRazones para contar con un Estado laico _950007 |
||
| 650 |
_aSecularización _950008 |
||
| 650 |
_aRelación Estado-Iglesia católica en la historia Colonial y Republicana del Perú _950009 |
||
| 942 |
_2ddc _cLIBROS |
||
| 945 |
_apbj _d2024-05-29 |
||